US States by most recent year of GOP presidential victory Quiz Stats

 Plays Quiz not verified by Sporcle

Also try: March 12th
Challenge
Share
Tweet
Embed
Score 0/50 Timer 05:00
0 Plays Today
State Year % Correct
Alabama2012
99.7%
Arizona2012
99.7%
Arkansas2012
99.7%
Alaska2012
99.5%
Georgia2012
98.7%
Idaho2012
97.4%
Florida2004
97.2%
Kansas2012
97.2%
Kentucky2012
97.2%
Louisiana2012
97.2%
Colorado2004
96.6%
Indiana2012
96.1%
Mississippi2012
96.1%
Montana2012
96.1%
Nebraska2012
96.1%
Missouri2012
95.9%
North Dakota2012
95.6%
California1988
95.3%
Iowa2004
95.3%
Oklahoma2012
95.3%
Illinois1988
95.3%
North Carolina2012
95.1%
Connecticut1988
94.6%
Delaware1988
94.6%
Maine1988
94.6%
State Year % Correct
Nevada2004
94.6%
New Mexico2004
94.6%
Michigan1988
94.3%
Hawaii1984
94.1%
Maryland1988
94.1%
Massachusetts1984
94.1%
Ohio2004
94.1%
South Carolina2012
93.8%
Tennessee2012
93.8%
Texas2012
93.8%
Utah2012
93.8%
South Dakota2012
93.5%
New Jersey1988
92.8%
West Virginia2012
92.8%
Virginia2004
92.5%
New Hampshire2000
92.2%
New York1984
92%
Wyoming2012
92%
Pennsylvania1988
91.5%
Minnesota1972
91.2%
Oregon1984
91.2%
Vermont1988
90.7%
Rhode Island1984
90.4%
Washington1984
89.9%
Wisconsin1984
88.4%

You're not logged in!

Compare scores with friends on all Sporcle quizzes.
OR
Log In

You Might Also Like...

Show Comments

Extras

Top Quizzes Today


Score Distribution

Your Account Isn't Verified!

In order to create a playlist on Sporcle, you need to verify the email address you used during registration. Go to your Sporcle Settings to finish the process.

Report this User

Report this user for behavior that violates our Community Guidelines.

Details: